| 000 | 00563nam a2200193Ia 4500 | ||
|---|---|---|---|
| 001 | 14892 | ||
| 003 | GE_BSU | ||
| 008 | 181216s||||||||xx |||||||||||||| ||und|| | ||
| 040 | _cGE_BSU | ||
| 080 | _a517.2(075.8) | ||
| 100 | _aБанах,Стефан | ||
| 245 | _aДифференциальное и интегральное исчисление | ||
| 260 | _aМосква | ||
| 260 | _bНаука | ||
| 260 | _c1958 | ||
| 300 | _a494стр.22см. | ||
| 653 | _aДифференциальное и интегральное исчисление | ||
| 942 | _cBK | ||
| 999 |
_c48012 _d48012 |
||